Statistics for Top 25 Transfers - Football Season 2019/20

Click here to take the quiz!

General Stats

  • This quiz has been taken 73 times
    (72 since last reset)
  • The average score is 22 of 25

Answer Stats

FromToNatPosFeePlayer% Correct
Atlético MadridFC BarcelonaFRAST€120.00mAntoine Griezmann
100%
ChelseaReal MadridBELLW€115.00mEden Hazard
98%
LeicesterManchester UnitedENGCB€87.00mHarry Maguire
98%
Manchester UnitedInterBELST€74.00mRomelu Lukaku
97%
Atlético MadridManchester CityESPCDM€70.00mRodri
95%
SportingManchester UnitedPORCAM€55.00mBruno Fernandes
94%
AjaxFC BarcelonaNEDCM€75.00mFrenkie de Jong
94%
AjaxJuventusNEDCB€85.50mMatthijs de Ligt
94%
BenficaAtlético MadridPORCF€126.00mJoão Félix
92%
Real MadridChelseaCROCM€45.00mMateo Kovacic
92%
Crystal PalaceManchester UnitedENGRB€55.00mAaron Wan-Bissaka
91%
FrankfurtReal MadridSRBST€60.00mLuka Jovic
91%
LOSC LilleArsenalCIVRW€80.00mNicolas Pépé
91%
SantosReal MadridBRALW€45.00mRodrygo
91%
Olympique LyonReal MadridFRALB€48.00mFerland Mendy
89%
Atlético MadridFC BayernFRACB€80.00mLucas Hernández
89%
JuventusManchester CityPORRB€65.00mJoão Cancelo
88%
Olympique LyonTotteham HotspurFRACM€60.00mTanguy Ndombélé
86%
FC PortoReal MadridBRACB€50.00mÉder Militão
83%
TSG HoffenheimNewcastleBRAST€44.00mJoelinton
83%
AS MonacoLeicesterBELCM€45.00mYouri Tielemans
83%
FrankfurtWest HamFRAST€50.00mSébastien Haller
80%
FC BarcelonaZenitBRARW€40.00mMalcom
75%
PSV EindhovenNapoliMEXLW€38.00mHirving Lozano
74%
FC SevillaAS MonacoFRAST€40.00mWissam Ben Yedder
72%

Score Distribution

Percentile by Number Answered

Percent of People with Each Score

Your Score History

You have not taken this quiz since the last reset